Matemática 2; equipo de actividades /

Guardado en:
Autor Principal: Vázquez de Tapia, Nelly E.
Formato: Libro
Publicado: Buenos Aires : Estrada, 1980
Edición:6a. ed.
Materias:
Etiquetas: Agregar Etiqueta
Sin Etiquetas, Sea el primero en etiquetar este registro!
LEADER 00714nam a22001935a 4500
001 CEM.cems016176
008 130507s1980##################000#0#####d
005 20210916190111.0
003 CEMS
245 1 0 |a Matemática 2; equipo de actividades /  |c Nelly E. Vázquez de Tapia. Alicia S. Tapia de Bibiloni y Carlos Alberto Tapia 
250 |a 6a. ed. 
260 |a Buenos Aires :  |b Estrada,  |c 1980 
300 |a 92 p. 
100 1 |a Vázquez de Tapia, Nelly E. 
082 0 4 |a 510 
653 |a Matemática 
859 |a CEMS  |b BIB. CEMS - 11 de abril  |h 510  |i T162-1a6/II  |p 9218.81  |t Ej.1 
859 |a CEMS  |b BIB. CEMS - 11 de abril  |h 510  |i T162-1a6/II  |p 8937.81  |t Ej.2 
859 |a CEMS  |b BIB. CEMS - Agricultura  |h 510  |i T162-1a6  |p A10984.82  |t Ej.1  |v 2  |3 2